FOUNDATIONAL CONCEPTS OF DECOLONIAL AND SOUTHERN EPISTEMOLOGIES (Record no. 215965)
[ view plain ]
| 000 -LEADER | |
|---|---|
| fixed length control field | 00701nam a22001817a 4500 |
| 008 - FIXED-LENGTH DATA ELEMENTS--GENERAL INFORMATION | |
| fixed length control field | 250728b |||||||| |||| 00| 0 eng d |
| 020 ## - INTERNATIONAL STANDARD BOOK NUMBER | |
| International Standard Book Number | 978-1-80041-884-4 |
| 050 ## - LIBRARY OF CONGRESS CALL NUMBER | |
| Classification number | JV 236 .F 68 2024 |
| 100 ## - MAIN ENTRY--PERSONAL NAME | |
| Personal name | EDITED BY: SINFREE MAKONI |
| 245 ## - TITLE STATEMENT | |
| Title | FOUNDATIONAL CONCEPTS OF DECOLONIAL AND SOUTHERN EPISTEMOLOGIES |
| 260 ## - PUBLICATION, DISTRIBUTION, ETC. | |
| Place of publication, distribution, etc. | BRISTOL, |
| Name of publisher, distributor, etc. | MULTILINGUAL MATTERS, |
| Date of publication, distribution, etc. | 2024, |
| 300 ## - PHYSICAL DESCRIPTION | |
| Extent | XIX, 194 P, ILL |
| 500 ## - GENERAL NOTE | |
| General note | INCLUDES BIBLIOGRAPHICAL REFERENCES AND INDEX |
| 650 ## - SUBJECT ADDED ENTRY | |
| Topical term or geographic name entry element | 1. DECOLONIZATION-DEVELOPING COUNTRIES 2. SOCIOLINGUISTICS 3.DEVELOPING COUNTRIES-INTELLECTUAL LIFE |
| 700 ## - ADDED ENTRY--PERSONAL NAME | |
| Personal name | EDITORS:ANNA KAIPER-MARQUEZ, MAGDA MADANY-SAA', BASSEY E. ANTIA |
| 942 ## - ADDED ENTRY ELEMENTS (KOHA) | |
| Source of classification or shelving scheme | Library of Congress Classification |
| Koha item type | Long Loan Book |
| Withdrawn status | Lost status | Source of classification or shelving scheme | Damaged status | Not for loan | Collection | Home library | Current library | Shelving location | Date acquired | Inventory number | Total checkouts | Full call number | Barcode | Date last seen | Copy number | Price effective from | Koha item type |
|---|---|---|---|---|---|---|---|---|---|---|---|---|---|---|---|---|---|
| Library of Congress Classification | Arts & Social Sciences | Kisii University Library | Kisii University Library | On Display | 07/28/2025 | 109355 | JV 236 .F68 2024 | 000000024507 | 07/28/2025 | 1 | 07/28/2025 | Long Loan Book | |||||
| Library of Congress Classification | Arts & Social Sciences | Kisii University Library | Kisii University Library | On Display | 07/28/2025 | 109356 | JV 236 .F68 2024 | 000000024506 | 07/28/2025 | 2 | 07/28/2025 | Long Loan Book | |||||
| Library of Congress Classification | Arts & Social Sciences | Kisii University Library | Kisii University Library | On Display | 07/28/2025 | 109357 | JV 236 .F68 2024 | 000000024505 | 07/28/2025 | 3 | 07/28/2025 | Long Loan Book | |||||
| Library of Congress Classification | Arts & Social Sciences | Kisii University Library | Kisii University Library | On Display | 07/28/2025 | 109358 | JV 236 .F68 2024 | 000000024504 | 07/28/2025 | 4 | 07/28/2025 | Long Loan Book | |||||
| Library of Congress Classification | Arts & Social Sciences | Kisii University Library | Kisii University Library | On Display | 07/28/2025 | 109359 | JV 236 .F68 2024 | 000000024521 | 07/28/2025 | 5 | 07/28/2025 | Long Loan Book |